header

Flight control systems (Record no. 122422)

MARC details
000 -LEADER
fixed length control field 01500nam a2200361 a 4500
082 04 - DEWEY DECIMAL CLASSIFICATION NUMBER
Classification number 629.135
245 00 - TITLE STATEMENT
Title Flight control systems
260 ## - PUBLICATION, DISTRIBUTION, ETC. (IMPRINT)
Place of publication Herts, U.K. :
Name of publisher Institution of Electrical Engineers ;
Place of publication Reston, Va. :
Name of publisher American Institute of Aeronautics and Astronautics,
Year of publication c2000.
300 ## - PHYSICAL DESCRIPTION
Number of Pages xxix, 382 p. :
Other physical details ill.
490 1# - SERIES STATEMENT
Series statement Progress in astronautics and aeronautics ;
650 #0 - SUBJECT ADDED ENTRY--TOPICAL TERM
Topical Term Airplanes
Topical Term Flight control.
700 1# - ADDED ENTRY--PERSONAL NAME
Personal name Pratt, Roger,
856 40 - ELECTRONIC LOCATION AND ACCESS
Uniform Resource Identifier http://site.ebrary.com/lib/rucke/Doc?id=10516398

No items available.

© 2026 Rongo University
Contact us: librarian | system librarian | Rongo university